00270nam a2200085Ia 4500008004100000082001900041100002100060245005900081260004400140210430s9999 xx 000 0 und d a355.0217E271 E aSamuel Glasstone 4aThe Effects of Nuclear Weapons part1cSamuel Glasstone aEnergy researchbSamuel Glasstonec1964